[Event "Sao Paulo ECP op 5th"]
[Site "Sao Paulo"]
[Date "2019.11.30"]
[Round "3"]
[White "Borger, David Lupovici"]
[Black "Dos Santos, Lucas Carvalho Ribe"]
[Result "1-0"]
[WhiteElo "1706"]
[BlackElo "1536"]
[PlyCount "45"]
[EventDate "2019.11.29"]
[EventType "swiss"]
[EventRounds "6"]
[EventCountry "BRA"]
[SourceTitle "CBM 193 Extra"]
[Source "ChessBase"]
[SourceDate "2020.01.31"]
[SourceVersion "1"]
[SourceVersionDate "2020.01.31"]
[SourceQuality "1"]

1. d4 e6 2. c4 f5 3. g3 Nf6 4. Bg2 c6 5. Nf3 d5 6. 0-0 Bd6 7. Nc3 Nbd7 8. c5 Bc7 9. b4 0-0 10. Bf4 Bxf4 11. gxf4 b6 12. Qc2 bxc5 13. dxc5 a5 14. a3 Re8 15. Nd4 Qc7 16. e3 axb4 17. axb4 Rxa1 18. Rxa1 Kf7 19. b5 Nxc5 20. bxc6 Ba6 21. Ncb5 Qe7 22. c7 Rc8 23. Nc6 1-0

[Event "Sao Paulo Schutt Cup"]
[Site "Sao Paulo"]
[Date "2019.09.15"]
[Round "6"]
[White "Borger, David Lupovici"]
[Black "Haraguchi, Diego Sashaki"]
[Result "1-0"]
[WhiteElo "1658"]
[BlackElo "1704"]
[PlyCount "157"]
[EventDate "2019.09.13"]
[EventType "swiss"]
[EventRounds "6"]
[EventCountry "BRA"]
[SourceTitle "EXT 2020"]
[Source "ChessBase"]
[SourceDate "2019.10.17"]
[SourceVersion "1"]
[SourceVersionDate "2019.10.17"]
[SourceQuality "1"]

1. d4 Nf6 2. c4 g6 3. Nc3 d5 4. cxd5 Nxd5 5. Bd2 Bg7 6. e4 Nxc3 7. Bxc3 0-0 8. Nf3 c5 9. d5 Bg4 10. Bxg7 Kxg7 11. Be2 Qb6 12. Qc2 Nd7 13. 0-0 Qf6 14. e5 Qf5 15. Qxf5 gxf5 16. Rfe1 Rad8 17. h3 Bh5 18. Rac1 Nb6 19. Rxc5 Rxd5 20. Rc7 Rd7 21. Rec1 Rfd8 22. Kf1 Rxc7 23. Rxc7 Rd7 24. Rxd7 Nxd7 25. Bb5 Nc5 26. Nd4 e6 27. b4 Ne4 28. Bd7 Nc3 29. a3 Kf8 30. Bc8 b6 31. Nc6 Ke8 32. Nxa7 Kd8 33. Ba6 Bd1 34. Ke1 Ba4 35. Nc8 Kc7 36. Nd6 Bc6 37. g3 f6 38. f4 Nb1 39. Nb5+ Bxb5 40. Bxb5 fxe5 41. a4 exf4 42. gxf4 Nc3 43. Bc4 Kd6 44. a5 bxa5 45. bxa5 Na4 46. Kd2 e5 47. fxe5+ Kxe5 48. a6 Nb6 49. Bb5 Kd5 50. Bd3 Ke5 51. Ke3 Nc8 52. Bb5 Na7 53. Bd7 f4+ 54. Kf3 Kd6 55. Ba4 Ke5 56. Bc2 h6 57. Kg4 Kf6 58. Kxf4 Nb5 59. Bb3 Na7 60. Ke4 Nb5 61. Bc4 Nc7 62. a7 Kg5 63. Ke5 Kh4 64. Kd6 Na8 65. Bd5 Nb6 66. Kc6 Nc8 67. a8Q Ne7+ 68. Kd7 Ng6 69. Bg2 h5 70. Qe4+ Kg5 71. Qe3+ Kh4 72. Qf2+ Kg5 73. Qg3+ Kh6 74. h4 Nf8+ 75. Ke8 Nh7 76. Qe5 Kg6 77. Be4+ Kh6 78. Bxh7 Kxh7 79. Kf7 1-0